• 首页
  • 本馆介绍
  • 公告通知
  • 最新文献
  • 馆藏检索
  • 电子资源
  • 读者导购
  • 参考咨询
  • 我的图书馆
  • 登录
  • 详细信息显示
  • 放入我的书架
  • 预约/预借图书
  • 作者相关作品
  • 分类相关作品
  • 丛书相关作品
  • 出版社相关作品

书目信息

  • 表格格式
  • 工作单格式
  • 卡片格式
题名:
《资本论》的对象、方法和结构
    
 
作者: 陈征 , 严正 编
分册:  
出版信息: 福州   福建人民出版社  1982
页数: 359页
开本: 21cm
丛书名:
单 册:
中图分类: A811.23 , A81
科图分类:
主题词: x马克思著作研究-资本论 , 资本论-x马克思著作研究 , 马克思主义政治经济学--研究
电子资源:
ISBN:
000 00769nam0 2200277 45
001 1263869047
005 20090929162301.79
010    @dCNY1.24
091    @aCN@b4173.21
100    @a19950524d1982 emky0chiy0121 ea
101 0  @achi
102    @aCN@b350000
105    @ay z 000yy
200 12 @a《资本论》的对象、方法和结构@A《 zi ben lun》 de dui xiang、 fang fa he jie gou@f陈征, 严正编
210    @a福州@c福建人民出版社@d1982
215    @a359页@d21cm
606 0  @ax马克思著作研究-资本论
606 0  @a资本论-x马克思著作研究
606 0  @a马克思主义政治经济学@x研究
690    @aA811.23@v3
690    @aA81@v4
701  0 @a陈征@Achen zheng@4编
701  0 @a严正@Ayan zheng@4编
801  0 @aCN@bTSSF
801  2 @aCN@bNLC
905    @a10447@dA81@eJY4:2
    
    《资本论》的对象、方法和结构/陈征, 严正编.-福州:福建人民出版社,1982
    359页;21cm
    
    
    ISBN :CNY1.24
    
●
相关链接 在E读中查询图书 在五车中查询图书 在当当中查询图书 在豆瓣中查询图书


正题名:《资本论》的对象、方法和结构     索取号:A81/JY4:2         预约/预借

序号 登录号 条形码 馆藏地/架位号 状态 备注
1 7809427   278094278   学院路分馆/ [索取号:A81/JY4:2] 在馆    
2 7809428   278094287   学院路分馆/ [索取号:A81/JY4:2] 在馆    
唐山师范学院图书馆 欢迎您!
大连网信软件有限公司© 版权所有